Merchant Of Venice (Record no. 35903)

MARC details
000 -LEADER
fixed length control field 00481nam a2200193Ia 4500
008 - FIXED-LENGTH DATA ELEMENTS--GENERAL INFORMATION
fixed length control field 220531s9999 xx 000 0 und d
041 ## - LANGUAGE CODE
Language code of text/sound track or separate title eng
082 ## - DEWEY DECIMAL CLASSIFICATION NUMBER
Item number SHA / BHA
100 ## - MAIN ENTRY--PERSONAL NAME
Personal name Shakespeare, W. / Bhatia, P.
9 (RLIN) 63178
245 ## - TITLE STATEMENT
Title Merchant Of Venice
250 ## - EDITION STATEMENT
Edition statement 1ST
260 ## - PUBLICATION, DISTRIBUTION, ETC. (IMPRINT)
Place of publication, distribution, etc. New Delhi
Name of publisher, distributor, etc. UBSBD
Date of publication, distribution, etc. 1978
300 ## - PHYSICAL DESCRIPTION
Extent 315
542 ## - INFORMATION RELATING TO COPYRIGHT STATUS
Copyright holder 31-07-2014
551 ## -
-- English
-- Grantable-ENG
650 ## - SUBJECT ADDED ENTRY--TOPICAL TERM
Topical term or geographic name as entry element English
9 (RLIN) 63179
906 ## - LOCAL DATA ELEMENT F, LDF (RLIN)
d 2014-2015
f 769
Holdings
Withdrawn status Lost status Source of classification or shelving scheme Damaged status Not for loan Collection code Home library Current library Date acquired Vendor Cost, normal purchase price Total Checkouts Total Holds Full call number Barcode Date last seen Bill Date Koha item type Original Barcode
Withdrawn   Dewey Decimal Classification       Shri Siddhivinayak Mahila Mahavidyalaya Shri Siddhivinayak Mahila Mahavidyalaya 02/08/2014 Creative Book Service 150.00   5 /SHA / BHA/B/16906 SSMM-BK-16906 06/08/2022 06/08/2022 Books 010016906